01278nam a22001817a 4500003001000000005001700010008004100027040001400068041000700082100002100089245008400110260004200194300001200236500009600248520072100344650002001065654001101085IT-MiCISF20260220110910.0170619b xxu||||| |||| 00| 0 eng d cIT-MiCISF ait aColombo Giuseppe aQuesta casa non è un albergo.bContestazione e devianza dei figli adolescenti aCinisello B. (MI),bSan Paolo, c2004 app. 128 aadolescenza, devianza, rapporti-genitori-figli, comunicazione, valori, educazione-familiare aIl volume si colloca nella "stagione della famiglia con adolescenti" e affronta il tema del disagio, della contestazione e della devianza degli adolescenti all’interno della famiglia. Perché gli adolescenti trasgrediscono? In cosa consiste il loro “disagio”, e come si esprime in famiglia, all’interno della casa? E qual è il “disagio” dei loro genitori e degli educatori nell’affrontare le turbolenze adolescenziali? Cos’è la casa per un adolescente e perché diventa luogo di contestazione? Un libro per educatori e genitori con figli adolescenti, quindi, ma anche per chi vuole riflettere sul senso dell’abitare come luogo delle relazioni familiari e dimensione privilegiata di comunione. aEtà-evolutiva asaggio